000 00450nam a2200169 i 4500
001 bg
100 1 _aBATYGIN, V. N.
245 0 _aVakuumno-plotnaja keramika i eë spai s metallami /
_cV.N. Batygin, I.I. Metelkin, A.M. Rešetnikov.
260 _aMoskva,
_c1973.
700 1 _aMETELKIN, I. I.
700 1 _aRESETNIKOV, A. M.
040 _cBPK
041 _apol
080 _a621.762
942 _cKS
008 s pl f |000 0 pol
999 _c25811
_d25811
856 _uhttp://koha.tu.koszalin.pl/cgi-bin/koha/opac-detail.pl?biblionumber=25811
_yKatalog online BPK